000 01699 a2200265 4500
001 54071
005 20260407155811.0
008 260407a1973 arg spa d
003 AR-UNSa-BCEJYS
040 _aAR-UNSa-BCEJYS
_bspa
_cAR-UNSa-BCEJYS
080 _a330.4
_xEconomía matemática
245 1 0 _aEl uso de las matemáticas en la economía
020 _a84-335-3331-2
264 1 _aBarcelona :
_bLabor
_c1973
300 _a438 p.
_c21 cm.
505 _aI. Uso de métodos matemáticos en la economía - II. Comparación de costes y beneficios en una economía socialista - 1. Planteamiento del problema - 2. Medida de la efectividad relativa de los gastos de trabajo sin tener en cuenta los beneficios sociales totales - 3. Métodos existentes para comparar el coste primario y la inversión - 4. Métodos para hallar el efecto máximo de la inversión de capital en la economía socialista - 5. Principio del cálculo de gastos - 6. El problema del máximo crecimiento de la productividad laboral - 7. Problema de la medida de los resultados del trabajo en una economía socialista - III. Algunas observaciones sobre el análisis factor-producto - IV. Métodos matemáticos de planificación y organización de la producción - V. Métodos para establecer las más cortas distancias del movimiento de cargas en la implantación de sistemas de transporte - VI. Breve anotación bibliográfica sobre problemas de programación lineal y otros
041 _aspa
942 _cBK
590 _aniveau_biblio:m niveau_hierar:0
100 1 _aNemchinov, Vasily Sergeevich
700 1 _aNovozhilov, V.V.
700 1 _aLange, Oskar
700 1 _aKantarovich, L.V.
700 1 _aLur´e, A.L.
999 _c5339
_d5339